Prvky sociálnej politiky v zdaňovaní fyzických osôb v SR
Niektoré sociálne aspekty v dani z príjmu fyzických osôb. Sociálne faktory, ktoré ovplyvňujú výšku základu dane, ako aj výšku samotného daňového zaťaženia jednotlivých daňovníkov: konštrukcia a výška daňových sadzieb, konštrukcia nezdaniteľnej časti základu dane, uplatňovanie daňových paušálov pri z...
Saved in:
| Main Author: | |
|---|---|
| Format: | Book Chapter |
| Language: | Slovak |
| Subjects: | |
| Tags: |
No Tags, Be the first to tag this record!
|
MARC
| LEADER | 00000nla a2200000 4500 | ||
|---|---|---|---|
| 001 | 0172097 | ||
| 005 | 20240502072942.1 | ||
| 041 | 0 | |a slo | |
| 044 | |a SK | ||
| 245 | 1 | 0 | |a Prvky sociálnej politiky v zdaňovaní fyzických osôb v SR |c Adriana Vassová |
| 520 | |a Niektoré sociálne aspekty v dani z príjmu fyzických osôb. Sociálne faktory, ktoré ovplyvňujú výšku základu dane, ako aj výšku samotného daňového zaťaženia jednotlivých daňovníkov: konštrukcia a výška daňových sadzieb, konštrukcia nezdaniteľnej časti základu dane, uplatňovanie daňových paušálov pri zdaňovaní. Uplatňovanie výnimiek zo zdanenia jednoznačne môže ovplyvniť kvalitu života občanov. | ||
| 610 | 2 | 0 | |a osoby fyzické |
| 610 | 2 | 0 | |a zdaňovanie |
| 610 | 2 | 0 | |a Slovensko |
| 610 | 2 | 0 | |a politika sociálna |
| 610 | 2 | 0 | |a kvalita života |
| 100 | 1 | |a Vassová, Adriana | |